[Event "104th ch-GBR 2017"]
[Site "Llandudno WLS"]
[Date "2017.08.06"]
[Round "9.9"]
[White "Houska, Jovanka"]
[Black "Trent, Lawrence"]
[Result "0-1"]
[WhiteTitle "IM"]
[BlackTitle "IM"]
[WhiteElo "2402"]
[BlackElo "2445"]
[WhiteFideId "405094"]
[BlackFideId "408638"]
[EventDate "2017.07.29"]

1. d4 Nf6 2. Nf3 e6 3. c4 d5 4. e3 a6 5. b3 b6 6. Bb2 Bb7 7. Nbd2 Nbd7 8. Bd3
Bd6 9. O-O Ne4 10. cxd5 exd5 11. Qc2 Qe7 12. Rfc1 O-O 13. Bxe4 dxe4 14. Ne5 Nf6
15. Ndc4 Nd5 16. Nxd6 cxd6 17. Nc4 f5 18. Ba3 Rf6 19. Qd2 Rd8 20. Rc2 Rh6 21.
Qe1 f4 22. f3 b5 23. Nxd6 Rhxd6 24. Bxd6 Qxd6 25. exf4 Nxf4 26. fxe4 Qxd4+ 27.
Kh1 Bxe4 28. Rf2 Nd3 0-1

[Event "104th ch-GBR 2017"]
[Site "Llandudno WLS"]
[Date "2017.08.06"]
[Round "9.10"]
[White "Jackson, James P"]
[Black "Adair, James R"]
[Result "0-1"]
[WhiteTitle "FM"]
[BlackTitle "IM"]
[WhiteElo "2286"]
[BlackElo "2481"]
[WhiteFideId "416860"]
[BlackFideId "406252"]
[EventDate "2017.07.29"]

1. e4 c5 2. Nf3 d6 3. d4 cxd4 4. Nxd4 Nf6 5. Nc3 a6 6. h3 e6 7. g4 h6 8. Be3 b5
9. Bg2 Bb7 10. a3 Nbd7 11. Nde2 Ne5 12. f4 Nc4 13. Bc1 Qb6 14. Qd3 d5 15. e5 d4
16. Ne4 Nxe4 17. Bxe4 Rd8 18. Qf3 Bxe4 19. Qxe4 Be7 20. h4 h5 21. g5 O-O 22. b3
Ne3 23. Bxe3 dxe3 24. Rh3 Rd2 25. c3 Rfd8 26. Qxe3 Bc5 27. Qxd2 Bf2+ 28. Kd1
Rxd2+ 29. Kxd2 Qc6 30. Rd3 Kh7 31. a4 Bxh4 32. axb5 axb5 33. Ra7 Qh1 34. Rdd7
Qe1+ 35. Kd3 Bf2 36. Ra2 h4 37. Rxf7 Qb1+ 38. Rc2 h3 39. f5 h2 0-1

[Event "104th ch-GBR 2017"]
[Site "Llandudno WLS"]
[Date "2017.08.06"]
[Round "9.11"]
[White "Murphy, Conor E"]
[Black "Arkell, Keith C"]
[Result "1/2-1/2"]
[BlackTitle "GM"]
[WhiteElo "2154"]
[BlackElo "2424"]
[WhiteFideId "421669"]
[BlackFideId "400270"]
[EventDate "2017.07.29"]

1. Nf3 Nf6 2. g3 b5 3. Bg2 Bb7 4. d3 e6 5. O-O Be7 6. e4 d6 7. Nd4 Qd7 8. Nb3 a5
9. Qe1 Nc6 10. a4 b4 11. N1d2 O-O 12. f4 e5 13. Nc4 exf4 14. Bxf4 d5 15. Ne3
dxe4 16. dxe4 Nh5 17. Rd1 Qc8 18. Nd5 Nxf4 19. gxf4 Re8 20. Qg3 Qb8 21. f5 Bd6
22. Nf6+ Kh8 23. Rxd6 cxd6 24. Nxh7 f6 25. Nxf6 gxf6 26. Rf4 Re7 27. Rh4+ Rh7
28. Rxh7+ Kxh7 29. Qg6+ Kh8 30. Qxf6+ Kg8 31. Qg6+ Kf8 32. f6 Qc7 33. Qh6+ Kg8
34. Qg6+ Kf8 35. Qh6+ 1/2-1/2

[Event "104th ch-GBR 2017"]
[Site "Llandudno WLS"]
[Date "2017.08.06"]
[Round "9.12"]
[White "Hunt, Adam C"]
[Black "Batchelor, Peter J"]
[Result "1/2-1/2"]
[WhiteTitle "IM"]
[BlackTitle "FM"]
[WhiteElo "2424"]
[BlackElo "2309"]
[WhiteFideId "403970"]
[BlackFideId "424854"]
[EventDate "2017.07.29"]

1. e4 c6 2. d4 d5 3. exd5 cxd5 4. c4 Nf6 5. Nc3 Nc6 6. Bg5 Be6 7. Nf3 g6 8. Bxf6
exf6 9. c5 Bg7 10. Bb5 O-O 11. h3 f5 12. O-O Qc7 13. Rc1 a6 14. Ba4 f4 15. Re1
Ne7 16. b4 Bf6 17. Bb3 g5 18. Ne5 Rad8 19. Bc2 Rfe8 20. b5 Ng6 21. bxa6 bxa6 22.
Qh5 Bxe5 23. dxe5 Qe7 24. Bd3 Rc8 25. Ne2 Kg7 26. c6 h6 27. Nd4 Qb4 28. Nxe6+
Rxe6 29. Bf5 Rcxc6 30. Bxe6 Rxe6 31. Re2 Nxe5 32. Rd1 f3 33. Re3 fxg2 34. Rxd5
Qf4 35. Qe2 f6 36. Kxg2 Rc6 37. Qb2 Kg6 38. Qb1+ Kh5 39. Qd1+ Kg6 40. Rd8 Qc4
41. Qb1+ Kh5 42. Qf5 Qf4 43. Qxf4 gxf4 44. Ra3 f3+ 45. Kg3 Kg5 46. Rd5 Kg6 47.
Rd4 h5 48. Ra5 Kg5 49. Rf4 Kg6 50. Rfa4 Kf5 51. Ra3 Kg6 52. Rxa6 Rc4 53. Re3 h4+
54. Kh2 Kf5 55. Re1 Rc2 56. Kg1 Nd3 57. Re3 Rc1+ 58. Kh2 Ne5 59. Ra5 Kf4 60.
Ra4+ Kg5 61. Rae4 Rc2 62. Rxe5+ fxe5 63. Rxf3 Rxa2 1/2-1/2

[Event "104th ch-GBR 2017"]
[Site "Llandudno WLS"]
[Date "2017.08.06"]
[Round "9.13"]
[White "Haria, Ravi"]
[Black "Shaw, Peter"]
[Result "1-0"]
[WhiteTitle "FM"]
[WhiteElo "2417"]
[BlackElo "2103"]
[WhiteFideId "415820"]
[BlackFideId "411361"]
[EventDate "2017.07.29"]

1. Nf3 f5 2. d3 Nc6 3. d4 e6 4. c4 d5 5. Nc3 Nf6 6. Bf4 Bd6 7. e3 O-O 8. Be2
Bxf4 9. exf4 dxc4 10. Bxc4 Ne7 11. O-O Ned5 12. Bxd5 exd5 13. Ne5 Ne4 14. Rc1 c6
15. f3 Nd6 16. Re1 Kh8 17. Qd2 Qf6 18. b4 Be6 19. Na4 Rae8 20. Nc5 Rg8 21. Re2
Bc8 22. a4 a6 23. Rce1 h6 24. h4 g6 25. Qd3 Re7 26. Qe3 Rh7 27. Qf2 Rhg7 28. Nb3
Kh7 29. g3 Kh8 30. Qh2 Kh7 31. Nd2 h5 32. Qf2 Rf8 33. Kh2 Kh6 34. Nb1 Kh7 35.
Nc3 Rc7 36. Rc1 Be6 37. b5 axb5 38. axb5 Nc4 39. bxc6 bxc6 40. Ra1 Rb8 41. Na4
Bg8 42. Nc5 Nxe5 43. fxe5 Qe7 44. f4 Ra7 45. Rxa7 Qxa7 46. Ra2 Qe7 47. Ra6 Qe8
48. Qa2 Be6 49. Ra7+ Kg8 50. Qa5 Bf7 51. Qc7 Rc8 52. Qd6 Qf8 53. Qf6 Ra8 54. Nd7
Qd8 55. Rxa8 Qxa8 56. e6 Qa2+ 57. Kh3 Qe2 58. exf7+ Kh7 59. Nf8+ Kh6 60. Qxg6# 1-0

[Event "104th ch-GBR 2017"]
[Site "Llandudno WLS"]
[Date "2017.08.06"]
[Round "9.14"]
[White "Willmoth, Robert F"]
[Black "Ward, Chris G"]
[Result "1/2-1/2"]
[WhiteTitle "CM"]
[BlackTitle "GM"]
[WhiteElo "2211"]
[BlackElo "2441"]
[WhiteFideId "402540"]
[BlackFideId "400203"]
[EventDate "2017.07.29"]

1. d4 c5 2. d5 e5 3. c4 d6 4. e4 Be7 5. Nc3 Bg5 6. Nge2 Nh6 7. Bxg5 Qxg5 8. Qd2
Qe7 9. Ng3 O-O 10. Bd3 f5 11. exf5 Nxf5 12. Nxf5 Bxf5 13. Bxf5 Rxf5 14. O-O Nd7
15. Ne4 Nf6 16. Rae1 Nxe4 1/2-1/2

[Event "104th ch-GBR 2017"]
[Site "Llandudno WLS"]
[Date "2017.08.06"]
[Round "9.15"]
[White "Merry, Alan B"]
[Black "Grant, Jonathan I M"]
[Result "1-0"]
[WhiteTitle "IM"]
[WhiteElo "2427"]
[BlackElo "2187"]
[WhiteFideId "418811"]
[BlackFideId "2400294"]
[EventDate "2017.07.29"]

1. e4 c6 2. d4 d5 3. Nd2 dxe4 4. Nxe4 Bf5 5. Ng3 Bg6 6. h4 h6 7. Nf3 e6 8. h5
Bh7 9. Bd3 Bxd3 10. Qxd3 Nf6 11. Bd2 c5 12. Ne4 Nxe4 13. Qxe4 Nc6 14. Bc3 cxd4
15. Nxd4 Nxd4 16. Bxd4 Qa5+ 17. Bc3 Qb5 18. O-O-O Be7 19. a4 Qc5 20. Qxb7 O-O
21. Bd4 Bg5+ 22. Kb1 Qf5 23. Qb5 Qg4 24. f3 Qg3 25. Qe5 Bf4 26. Qe1 Qg5 27. Qh4
Qf5 28. Qg4 Qxg4 29. fxg4 Rfc8 30. b3 Rc7 31. c4 Rb8 32. Kc2 f6 33. Rh3 Kf7 34.
Rhd3 Rbc8 35. Bc3 Ke7 36. g3 Be5 37. Bxe5 fxe5 38. Re3 Rc5 39. Rde1 Kf6 40. Rf1+
Ke7 41. Ref3 R5c7 42. Kd3 Rd8+ 43. Kc3 Rdc8 44. Rf7+ Kd6 45. Rd1+ Kc6 46. Rf3
Kb7 47. Re1 Rc5 48. Rf7+ R5c7 49. Rxc7+ Kxc7 50. Rxe5 Kd6 51. Ra5 Rc7 52. Kd4
Rb7 53. c5+ Kc6 54. Ra6+ Kc7 55. Kc4 e5 56. b4 Kd8 57. Re6 Rf7 58. Rxe5 Rf3 59.
Re6 Rxg3 60. Rg6 Rf3 61. Rxg7 a5 62. b5 Rf4+ 63. Kd5 Rxa4 64. b6 Rb4 65. b7 a4
66. c6 1-0

[Event "104th ch-GBR 2017"]
[Site "Llandudno WLS"]
[Date "2017.08.06"]
[Round "9.16"]
[White "Kalavannan, Koby"]
[Black "McPhillips, Joseph"]
[Result "0-1"]
[BlackTitle "FM"]
[WhiteElo "2175"]
[BlackElo "2400"]
[WhiteFideId "425753"]
[BlackFideId "422487"]
[EventDate "2017.07.29"]

1. d4 d5 2. Nf3 Nf6 3. c4 c6 4. Nbd2 Bf5 5. Nh4 Be4 6. e3 e6 7. Be2 Nbd7 8. O-O
Bd6 9. b3 g5 10. Nhf3 g4 11. Nxe4 Nxe4 12. Ne1 Bxh2+ 13. Kxh2 Nxf2 14. Rxf2 Qh4+
15. Kg1 g3 16. Nf3 gxf2+ 17. Kf1 Qg3 18. Ne5 Nxe5 19. dxe5 O-O-O 20. c5 h5 21.
Bf3 h4 22. Ke2 h3 23. Qf1 Rdg8 24. Qxf2 hxg2 25. Qxg3 Rxg3 26. Bxg2 Rxg2+ 27.
Kd3 Rh1 28. a4 Rgg1 29. Kc2 a5 30. Kb2 Kd7 31. Kc2 Ke8 32. Kb2 Kf8 33. Kc2 Kg7
34. Kb2 Kg6 35. Kc2 Kf5 0-1

[Event "104th ch-GBR 2017"]
[Site "Llandudno WLS"]
[Date "2017.08.06"]
[Round "9.17"]
[White "Arakhamia-Grant, Ketevan"]
[Black "Moore, Graham J"]
[Result "0-1"]
[WhiteTitle "GM"]
[WhiteElo "2364"]
[BlackElo "2155"]
[WhiteFideId "13600168"]
[BlackFideId "441988"]
[EventDate "2017.07.29"]

1. e4 e6 2. Qe2 Be7 3. g3 d5 4. d3 Nf6 5. Bg2 O-O 6. Nf3 c5 7. O-O b5 8. e5 Nfd7
9. Nbd2 Nc6 10. Re1 Qc7 11. h4 Bb7 12. Nf1 Nd4 13. Nxd4 cxd4 14. Bf4 Rfc8 15.
Rec1 Qb6 16. Nh2 Rc6 17. h5 Rac8 18. Nf3 b4 19. h6 g6 20. Qd2 a5 21. b3 Rc3 22.
Bh3 Ba6 23. Kg2 Qc5 24. Bg5 Bf8 25. Qf4 Rxc2 26. Rxc2 Qxc2 27. Nxd4 Qb2 28. Nxe6
Qxa1 29. Nxf8 Bxd3 30. Nxd7 Be4+ 31. Qxe4 dxe4 32. e6 f5 33. Nf6+ Kh8 34. e7
Qxa2 35. Nxe4 Qxb3 36. Bf6+ Kg8 37. Ng5 Qc4 38. Kh2 a4 39. Bg2 a3 40. Bb7 b3 41.
Nf3 b2 42. Ne5 Qe6 0-1

[Event "104th ch-GBR 2017"]
[Site "Llandudno WLS"]
[Date "2017.08.06"]
[Round "9.18"]
[White "Longson, Alexander"]
[Black "Gallagher, Daniel GH"]
[Result "1-0"]
[WhiteTitle "FM"]
[WhiteElo "2323"]
[BlackElo "2147"]
[WhiteFideId "408093"]
[BlackFideId "436550"]
[EventDate "2017.07.29"]

1. e4 c5 2. Nf3 d6 3. Bb5+ Bd7 4. Bxd7+ Qxd7 5. O-O Nf6 6. Qe2 Nc6 7. Rd1 g5 8.
c3 g4 9. Nh4 O-O-O 10. d3 d5 11. Nd2 Qe6 12. Re1 Rg8 13. Nb3 c4 14. Nc5 Qd6 15.
d4 e5 16. Nf5 Qc7 17. exd5 Rxd5 18. Ne4 Nxe4 19. Qxe4 Qd8 20. Ne3 Rd7 21. dxe5
h5 22. Nxc4 h4 23. Bf4 g3 24. hxg3 hxg3 25. Bxg3 Bc5 26. b4 Rxg3 27. bxc5 Rxc3
28. Nd6+ Kb8 29. Rac1 Qa5 30. Rxc3 Qxc3 31. Qe3 Qc2 32. Qh3 Qd2 33. Kf1 Kc7 34.
Nb5+ Kb8 35. Nd6 Kc7 36. Qb3 Kb8 37. e6 fxe6 38. Qxe6 Qd3+ 39. Kg1 Qc3 40. Qxd7
Qxe1+ 41. Kh2 Qe5+ 42. g3 Qh8+ 43. Kg2 Na5 44. Nxb7 1-0

[Event "104th ch-GBR 2017"]
[Site "Llandudno WLS"]
[Date "2017.08.06"]
[Round "9.19"]
[White "Kolbus, Dietmar"]
[Black "Ogunshola, Ben"]
[Result "1-0"]
[WhiteTitle "IM"]
[WhiteElo "2306"]
[BlackElo "2133"]
[WhiteFideId "4610628"]
[BlackFideId "8500231"]
[EventDate "2017.07.29"]

1. c4 Nf6 2. Nc3 g6 3. e4 d6 4. d4 Bg7 5. Bd3 Nc6 6. Nge2 Nd7 7. Be3 e5 8. d5
Nd4 9. Bb1 Nxe2 10. Qxe2 O-O 11. Qd2 a5 12. Bc2 Nc5 13. O-O-O Bd7 14. f3 Ra6 15.
g4 Rb6 16. h4 Rb4 17. Qe2 Ba4 18. Bxc5 Bxc2 19. Kxc2 dxc5 20. a3 Rb6 21. Na4 Rd6
22. Nxc5 Qe8 23. Nxb7 Rb6 24. Nc5 Qb8 25. Na4 Rb7 26. Kb1 Rd8 27. Ka2 Bf8 28.
Rd3 Rd6 29. c5 Ra6 30. Qc2 Qe8 31. c6 Rb8 32. Rb3 Raa8 33. h5 Bd6 34. Rxb8 Rxb8
35. Qd2 Rb5 36. Qe2 Qb8 37. hxg6 hxg6 38. Qh2 Kg7 39. Qh6+ Kf6 40. Qh4+ Kg7 41.
g5 Kf8 42. Qh8+ 1-0

[Event "104th ch-GBR 2017"]
[Site "Llandudno WLS"]
[Date "2017.08.06"]
[Round "9.20"]
[White "Horton, Jamie A"]
[Black "Claridge-Hansen, William"]
[Result "0-1"]
[BlackTitle "FM"]
[WhiteElo "2178"]
[BlackElo "2267"]
[WhiteFideId "421472"]
[BlackFideId "422509"]
[EventDate "2017.07.29"]

1. d4 Nf6 2. c4 e6 3. Nc3 Bb4 4. Qc2 O-O 5. a3 Bxc3+ 6. Qxc3 d5 7. Bg5 dxc4 8.
Qxc4 b6 9. Nf3 Ba6 10. Qa4 c5 11. dxc5 bxc5 12. Rc1 Qb6 13. Bxf6 gxf6 14. Rc2
Nc6 15. e3 Bxf1 16. Rxf1 Rac8 17. Ke2 Rfd8 18. Rfc1 Ne7 19. Nd2 Qd6 20. Qxa7 Nc6
21. Qa4 Ne5 22. Qb3 Nd3 23. Rb1 Qxh2 24. Nf3 Qd6 25. Qc4 Rb8 26. Rd2 Nxb2 27.
Rxd6 Nxc4 28. Rxd8+ Rxd8 29. Rc1 Nxa3 30. Rxc5 Rb8 31. g3 Rb2+ 32. Kf1 Nb5 33.
Rc6 Rb3 34. Kg2 Rc3 35. Rb6 Nc7 36. g4 Nd5 37. Rb2 Ra3 38. Kg3 Kg7 39. Rc2 Kg6
40. Nh4+ Kg7 41. Nf3 Ra7 42. Rb2 Ne7 43. Nh4 Ra1 44. Kg2 Ra5 45. Kg3 Rg5 46. Nf3
Ra5 47. Nh4 Ng8 48. Rb7 Nh6 49. Rb4 Ra1 50. Rc4 Rg1+ 51. Kf3 Ng8 52. Ra4 Ne7 53.
Ra7 Nc6 54. Ra2 Ne5+ 55. Ke2 Rxg4 56. Nf3 Ng6 57. Ra5 Rb4 58. Ra7 Rb2+ 59. Kf1
h6 60. Nd4 Rb6 61. Nf3 f5 62. Ra4 Kf6 63. Kg2 e5 64. Rc4 Ra6 65. Rb4 Rd6 66. Rb5
Ra6 67. Rb4 e4 68. Nd4 f4 69. Nb3 fxe3 70. fxe3 Ra2+ 71. Kg3 Rb2 72. Rb6+ Kg5
73. Rb5+ f5 74. Nd4 Rxb5 75. Nxb5 Ne5 76. Nc3 Ng4 77. Nd5 Nxe3 0-1

[Event "104th ch-GBR 2017"]
[Site "Llandudno WLS"]
[Date "2017.08.06"]
[Round "9.21"]
[White "Zakarian, David"]
[Black "Taylor, Adam A"]
[Result "1-0"]
[WhiteTitle "FM"]
[WhiteElo "2360"]
[BlackElo "2165"]
[WhiteFideId "13301276"]
[BlackFideId "415790"]
[EventDate "2017.07.29"]

1. e4 c5 2. Nf3 Nc6 3. Bb5 e6 4. O-O Nge7 5. c3 a6 6. Ba4 b5 7. Bc2 d5 8. a4 Bb7
9. Qe2 b4 10. d4 cxd4 11. Rd1 b3 12. Bxb3 dxe4 13. Nxd4 Nxd4 14. Rxd4 Qc7 15.
Nd2 Nf5 16. Rc4 Qe5 17. Nxe4 Bd5 18. Bf4 Bxc4 19. Qxc4 Qd5 20. Qxd5 exd5 21.
Bxd5 O-O-O 22. Bxf7 1-0

[Event "104th ch-GBR 2017"]
[Site "Llandudno WLS"]
[Date "2017.08.06"]
[Round "9.22"]
[White "Gayson, Peter M"]
[Black "Fitzsimons, David"]
[Result "1/2-1/2"]
[BlackTitle "FM"]
[WhiteElo "2160"]
[BlackElo "2352"]
[WhiteFideId "401838"]
[BlackFideId "2501961"]
[EventDate "2017.07.29"]

1. e4 g6 2. d4 Bg7 3. Nc3 c6 4. Bc4 d6 5. Qf3 e6 6. Nge2 Nd7 7. O-O Ngf6 8. Bg5
O-O 9. Rad1 Qc7 10. Bb3 b5 11. Ng3 a5 12. a4 b4 13. Nce2 c5 14. Bxf6 Bxf6 15.
dxc5 dxc5 16. Rxd7 Bxd7 17. Qxf6 c4 1/2-1/2

[Event "104th ch-GBR 2017"]
[Site "Llandudno WLS"]
[Date "2017.08.06"]
[Round "9.23"]
[White "Moreby, James"]
[Black "Dineley, Richard"]
[Result "1/2-1/2"]
[WhiteElo "2149"]
[BlackElo "2269"]
[WhiteFideId "427756"]
[BlackFideId "1800680"]
[EventDate "2017.07.29"]

1. c4 Nf6 2. Nc3 e5 3. Nf3 Nc6 4. e4 Bc5 5. Nxe5 Nxe5 6. d4 Bb4 7. dxe5 Nxe4 8.
Qf3 Nxc3 9. bxc3 Be7 10. Qg3 g6 11. Bh6 Bf8 12. Bg5 Be7 13. Bh6 Bf8 14. Bg5 Be7
15. Bh6 1/2-1/2

[Event "104th ch-GBR 2017"]
[Site "Llandudno WLS"]
[Date "2017.08.06"]
[Round "9.24"]
[White "Richardson, Alex"]
[Black "Toma, Katarzyna"]
[Result "0-1"]
[BlackTitle "WGM"]
[WhiteElo "2147"]
[BlackElo "2252"]
[WhiteFideId "408239"]
[BlackFideId "1119907"]
[EventDate "2017.07.29"]

1. d4 Nf6 2. Nf3 g6 3. Bf4 Bg7 4. e3 d6 5. h3 Nbd7 6. Be2 c5 7. c3 b6 8. O-O Bb7
9. Nbd2 O-O 10. a4 a6 11. Qb1 cxd4 12. exd4 Re8 13. Rd1 Qc7 14. Qa2 Qc6 15. Qc4
Nd5 16. Qxc6 Bxc6 17. Bh2 a5 18. Nc4 Bh6 19. Nfd2 Nf4 20. Bf3 Rac8 21. Bxc6 Rxc6
22. Ra3 Rec8 23. Ne3 Nf6 24. Bxf4 Bxf4 25. g3 Bh6 26. Rb3 d5 27. Ndf1 e6 28. Kg2
Ne4 29. Ng4 Bg7 30. Nge3 f6 31. Nd2 Nd6 32. Nf3 Bf8 33. Nd2 Kf7 34. Ra1 Be7 35.
Kf3 Bd8 36. Rd1 Nb7 37. Ra1 h5 38. h4 R8c7 39. Kg2 Rd7 40. Rd1 Bc7 41. Nf3 Nd6
42. Nd2 Rd8 43. Nf3 Rb8 44. Nd2 Ke7 45. Ra1 Kd7 46. Kf3 Bd8 47. Kg2 Rc7 48. Kf3
Rcb7 49. Ke2 Kc6 50. c4 dxc4 51. Ndxc4 b5 52. d5+ exd5 53. Nxd6 Kxd6 54. Rd1
bxa4 55. Rxd5+ Ke7 56. Rxb7+ Rxb7 57. Nc4 Rb4 58. Kd3 Rb3+ 59. Ke2 Bb6 60. Nxb6
Rxb6 61. Rxa5 Rxb2+ 62. Kf3 Rb3+ 63. Kf4 a3 64. f3 Kd6 65. g4 Kc6 66. g5 fxg5+
67. hxg5 Kb6 68. Ra8 Kb5 69. Ke4 Rb4+ 70. Kd5 Rb3 71. f4 Rd3+ 72. Ke4 Rg3 73. f5
Rg4+ 74. Ke5 Rxg5 75. Kf6 Rxf5+ 76. Kxg6 Rf3 77. Kxh5 Kb4 78. Kg4 Rc3 79. Kf4
Kb3 80. Ke4 Kb2 81. Kd4 Rb3 82. Rh8 a2 83. Rh2+ Ka3 84. Rh1 Rb1 85. Rh3+ Kb4 0-1

[Event "104th ch-GBR 2017"]
[Site "Llandudno WLS"]
[Date "2017.08.06"]
[Round "9.25"]
[White "Coleman, David J"]
[Black "Richardson, John R"]
[Result "0-1"]
[WhiteTitle "CM"]
[BlackTitle "FM"]
[WhiteElo "2135"]
[BlackElo "2237"]
[WhiteFideId "402087"]
[BlackFideId "401617"]
[EventDate "2017.07.29"]

1. e4 c6 2. d4 d5 3. exd5 cxd5 4. c4 Nf6 5. Nc3 Nc6 6. Bg5 dxc4 7. Bxc4 h6 8.
Be3 e6 9. Nf3 Be7 10. O-O O-O 11. Qe2 b6 12. Rad1 Nb4 13. Ne5 Bb7 14. Bc1 Nbd5
15. Bd3 Rc8 16. Ne4 Nb4 17. Nxf6+ Bxf6 18. Bb1 Qd5 19. Qg4 h5 20. Qh3 g6 21.
Rfe1 Nc2 22. Bxc2 Rxc2 23. Qg3 Bh4 0-1

[Event "104th ch-GBR 2017"]
[Site "Llandudno WLS"]
[Date "2017.08.06"]
[Round "9.26"]
[White "Golding, Alex"]
[Black "Smith, Andrew Philip"]
[Result "1-0"]
[BlackTitle "FM"]
[WhiteElo "2222"]
[BlackElo "2146"]
[WhiteFideId "427241"]
[BlackFideId "2500833"]
[EventDate "2017.07.29"]

1. e4 e6 2. d4 d5 3. Nc3 Bb4 4. e5 b6 5. a3 Bf8 6. Qg4 Ne7 7. h4 h5 8. Qf4 Ba6
9. Nce2 Nf5 10. Nf3 Qd7 11. g3 Nc6 12. Bh3 g6 13. Qd2 Bh6 14. Qc3 Bxe2 15. Kxe2
Bxc1 16. Rhxc1 Nce7 17. Qd3 Rc8 18. c4 dxc4 19. Rxc4 O-O 20. b4 Rfd8 21. Rd1 Qa4
22. Qc2 Qxa3 23. b5 Nd5 24. Bxf5 exf5 25. Rd3 Qe7 26. Qd2 Qd7 27. Qh6 Qxb5 28.
Ng5 Qe8 29. Rc6 Rd7 30. Kf1 Ne7 31. Rf6 Nd5 32. Ne6 Qxe6 33. Rxe6 fxe6 34. Qxg6+ 1-0

[Event "104th ch-GBR 2017"]
[Site "Llandudno WLS"]
[Date "2017.08.06"]
[Round "9.27"]
[White "Jina, Taran"]
[Black "Storey, Charles H"]
[Result "1-0"]
[BlackTitle "FM"]
[WhiteElo "1777"]
[BlackElo "2214"]
[WhiteFideId "426369"]
[BlackFideId "406686"]
[EventDate "2017.07.29"]

1. Nf3 g6 2. g3 Bg7 3. d4 c5 4. c3 Qb6 5. Bg2 Nc6 6. d5 Ne5 7. Nxe5 Bxe5 8. Nd2
Bg7 9. O-O d6 10. e4 Nf6 11. a4 O-O 12. Re1 Qc7 13. Nc4 Nd7 14. f4 Nb6 15. Ne3
Bd7 16. a5 Nc8 17. Qd3 Rb8 18. Ra2 b5 19. b4 e6 20. Rc2 Ne7 21. Ba3 c4 22. Qd1
exd5 23. Nxd5 Nxd5 24. Qxd5 Bc6 25. Qd1 Rfe8 26. Bb2 Re6 27. Rce2 Rbe8 28. Qc2
Qe7 29. g4 d5 30. e5 d4 31. cxd4 Bxg2 32. Kxg2 Qxb4 33. Bc3 Qe7 34. d5 Ra6 35.
Qe4 Qh4 36. Qf3 Rb8 37. Bb4 Qd8 38. d6 Rxa5 39. Bxa5 Qxa5 40. Qd5 c3 41. e6 h5
42. e7 Kh7 43. e8=Q c2 1-0

[Event "104th ch-GBR 2017"]
[Site "Llandudno WLS"]
[Date "2017.08.06"]
[Round "9.28"]
[White "Graham, David B"]
[Black "Longson, Sarah N"]
[Result "0-1"]
[BlackTitle "WFM"]
[WhiteElo "2201"]
[BlackElo "2074"]
[WhiteFideId "408131"]
[BlackFideId "2501465"]
[EventDate "2017.07.29"]

1. e4 e5 2. Nf3 Nc6 3. Bc4 Nf6 4. d3 Bc5 5. c3 O-O 6. b4 Bb6 7. a4 a6 8. O-O d6
9. Nbd2 Ne7 10. Bb3 Ng6 11. Nc4 Ba7 12. Be3 Bxe3 13. fxe3 Be6 14. Ng5 Bg4 15.
Qe1 h6 16. Nf3 Be6 17. a5 Bxc4 18. Bxc4 c6 19. Bb3 Qe7 20. Qg3 Kh7 21. Qh3 d5
22. Ra2 Rad8 23. Raf2 Ne8 24. Nd2 Nc7 25. Rf5 Nb5 26. exd5 cxd5 27. e4 Nxc3 28.
exd5 Ne2+ 29. Kh1 Qxb4 30. Ne4 Qxb3 31. Ng5+ Kg8 32. Nxf7 Rxf7 33. Rxf7 Nef4 34.
Qf5 Qxd5 0-1

[Event "104th ch-GBR 2017"]
[Site "Llandudno WLS"]
[Date "2017.08.06"]
[Round "9.29"]
[White "Jones, Steven A"]
[Black "Willow, Jonah B"]
[Result "1/2-1/2"]
[WhiteElo "2171"]
[BlackElo "2077"]
[WhiteFideId "419630"]
[BlackFideId "438804"]
[EventDate "2017.07.29"]

1. e4 c5 2. Nf3 e6 3. d4 cxd4 4. Nxd4 Nc6 5. Nc3 Qc7 6. Be3 Nf6 7. Qf3 Bb4 8.
Nxc6 bxc6 9. Bd4 Be7 10. e5 Nd5 11. Nxd5 cxd5 12. Bd3 Ba6 13. O-O-O 1/2-1/2

[Event "104th ch-GBR 2017"]
[Site "Llandudno WLS"]
[Date "2017.08.06"]
[Round "9.30"]
[White "Pritchett, Craig W"]
[Black "Burrows, Martin P"]
[Result "1-0"]
[WhiteTitle "IM"]
[WhiteElo "2326"]
[BlackElo "2115"]
[WhiteFideId "2400065"]
[BlackFideId "409057"]
[EventDate "2017.07.29"]

1. e4 e6 2. d4 d5 3. Nc3 Bb4 4. e5 c5 5. a3 Bxc3+ 6. bxc3 Ne7 7. h4 Nbc6 8. h5
Qa5 9. Bd2 Bd7 10. h6 gxh6 11. Nf3 O-O-O 12. Bd3 c4 13. Bf1 Ng8 14. g3 f6 15.
Qe2 fxe5 16. Nxe5 Nxe5 17. Qxe5 Ne7 18. Bh3 Ng6 19. Qh5 Rhe8 20. O-O e5 21. Qxh6
Qa4 22. Bg5 Bxh3 23. Qxh3+ Rd7 24. dxe5 Rxe5 25. Bf6 Re4 26. Rad1 Qc6 27. Bd4
Kb8 28. f4 Rf7 29. Rde1 Qe8 30. Rxe4 Qxe4 31. Qg2 Qxg2+ 32. Kxg2 Ne7 33. Re1 Nc6
34. Kf3 Kc7 35. g4 b5 36. f5 a5 37. Bc5 Nb8 38. Kf4 Na6 39. Bd4 b4 40. axb4 axb4
41. Ra1 Kb7 42. cxb4 Re7 43. c3 Re4+ 44. Kg5 Nc7 45. Rh1 Re7 46. f6 Rf7 47. Kf5 1-0

[Event "104th ch-GBR 2017"]
[Site "Llandudno WLS"]
[Date "2017.08.06"]
[Round "9.31"]
[White "Rudd, Jack"]
[Black "Waddington, Mike P"]
[Result "1-0"]
[WhiteTitle "IM"]
[BlackTitle "FM"]
[WhiteElo "2252"]
[BlackElo "2070"]
[WhiteFideId "405736"]
[BlackFideId "410497"]
[EventDate "2017.07.29"]

1. d4 f5 2. c4 Nf6 3. Nc3 g6 4. g3 Bg7 5. Bg2 O-O 6. Nf3 d6 7. O-O Nc6 8. d5 Ne5
9. Nxe5 dxe5 10. b3 f4 11. e3 Nh5 12. Ne4 Qd7 13. Bb2 Qf5 14. f3 fxg3 15. hxg3
Nf6 16. g4 Qd7 17. Qc2 Nxe4 18. Qxe4 Qd6 19. a4 a5 20. Ba3 Qf6 21. c5 Ra6 22.
Rf2 Qg5 23. Bb2 e6 24. d6 cxd6 25. cxd6 Rb6 26. f4 Qxg4 27. Bxe5 Rb4 28. Qc2 Bd7
29. Qc7 Rf7 30. Qd8+ Bf8 31. Kh2 Bc6 32. Bxc6 Rf5 33. Bg2 Rxb3 34. d7 Rxe3 35.
Qe8 Rh5+ 36. Kg1 Reh3 37. Qxf8+ Kxf8 38. d8=Q+ Kf7 39. Qd7+ Kf8 40. Bd6+ Kg8 41.
Qe8+ 1-0

[Event "104th ch-GBR 2017"]
[Site "Llandudno WLS"]
[Date "2017.08.06"]
[Round "9.32"]
[White "Lam, Paul G M"]
[Black "Coathup, Roger H"]
[Result "1-0"]
[WhiteElo "2111"]
[BlackElo "2151"]
[WhiteFideId "411566"]
[BlackFideId "407062"]
[EventDate "2017.07.29"]

1. Nc3 c5 2. Nf3 e6 3. d4 cxd4 4. Nxd4 a6 5. g3 Nf6 6. Bg2 Bb4 7. O-O Qc7 8. Bd2
Be7 9. e4 Nc6 10. Nb3 O-O 11. f4 d6 12. a4 Rb8 13. Be3 b6 14. g4 Nd7 15. g5 Re8
16. h4 Nc5 17. Nd4 Nxd4 18. Bxd4 Bb7 19. Qh5 Bf8 20. b4 Nd7 21. Bh3 Qc4 22. Rad1
Qxb4 23. Rf3 g6 24. Qg4 Nc5 25. h5 Nxe4 26. hxg6 fxg6 27. Qxe6+ 1-0